[Event "Flint (Class DE/2)"]
[Site "?"]
[Date "1993.??.??"]
[Round "?"]
[White "Uptegraff, D."]
[Black "Barker, Scott"]
[Result "1-0"]
[WhiteElo "1605"]
[BlackElo "1605"]
[PlyCount "73"]
[EventDate "1993.??.??"]

1. e4 e5 2. Nf3 Nf6 3. Nc3 Nc6 4. d4 exd4 5. Nxd4 Nxd4 6. Qxd4 h6 7. Bd3 c6 8.
h3 Be7 9. O-O O-O 10. Bd2 Nh5 11. Qe3 Qc7 12. Qf3 Qe5 13. Ne2 d5 14. Bc3 dxe4
15. Bxe4 Qg5 16. Rad1 Be6 17. Bd2 Qc5 18. Be3 Qb5 19. Nd4 Qe5 20. Nf5 Bxf5 21.
Bxf5 Nf6 22. Rfe1 Qxb2 23. Bd4 Qb4 24. c3 Qa3 25. Re2 Rad8 26. Rde1 Rfe8 27.
Bxf6 gxf6 28. Bd7 Bd6 29. Bxe8 Rxe8 30. Rxe8+ Bf8 31. Qg4+ Kh7 32. Rc8 f5 33.
Qxf5+ Kg7 34. Qg4+ Kf6 35. g3 Bd6 36. Qd4+ Kg6 37. Rg8+ 1-0

[Event "Flint (Class DE/4)"]
[Site "?"]
[Date "1993.??.??"]
[Round "?"]
[White "Ulrich, J."]
[Black "Fales, A."]
[Result "0-1"]
[WhiteElo "1605"]
[BlackElo "1605"]
[PlyCount "90"]
[EventDate "1993.??.??"]

1. e4 c5 2. d4 e6 3. Nf3 Nf6 4. e5 Ne4 5. Qd3 d5 6. g3 Be7 7. h4 Nc6 8. Be2 b6
9. O-O c4 10. Qe3 Nb4 11. Bd1 Ba6 12. c3 Nc6 13. Bc2 f5 14. b4 cxb3 15. Bxb3
Bxf1 16. Kxf1 O-O 17. Ba4 Rc8 18. Kg1 a6 19. Bb3 b5 20. a3 Na5 21. Ba2 h6 22.
h5 Ng5 23. Nxg5 Bxg5 24. f4 Be7 25. Bd2 Rc6 26. Kg2 Qd7 27. Kg1 Qb7 28. Kg2
Rfc8 29. Kg1 R6c7 30. Kg2 Nc4 31. Bxc4 dxc4+ 32. Kg1 a5 33. a4 b4 34. Kh2 b3
35. Qe1 Qf3 36. Na3 Qxh5+ 37. Kg2 b2 38. Rd1 Bxa3 39. Be3 Rb7 40. Bf2 Rcb8 41.
Rb1 Qe8 42. Qd1 Rb3 43. Kg1 Rxc3 44. Kg2 Qc6+ 45. Kh2 Qf3 0-1

[Event "Flint (Class DE/2)"]
[Site "?"]
[Date "1993.??.??"]
[Round "?"]
[White "Ulrich, J."]
[Black "Aydar, N."]
[Result "1-0"]
[WhiteElo "1605"]
[BlackElo "1605"]
[PlyCount "83"]
[EventDate "1993.??.??"]

1. e4 e6 2. g3 d5 3. e5 c5 4. d3 Nc6 5. Bg2 Nxe5 6. Qe2 Bd6 7. c3 Ne7 8. d4
cxd4 9. cxd4 Nc4 10. b3 Nb6 11. Bg5 h6 12. Bxe7 Qxe7 13. Nf3 Bb4+ 14. Nbd2 O-O
15. O-O Bd7 16. Ne5 Be8 17. Ndf3 f6 18. Nd3 Bb5 19. Qc2 Rac8 20. Qd1 Rc3 21.
Nf4 Bxf1 22. Kxf1 Rfc8 23. Ne2 Rc2 24. a3 Bxa3 25. Ne1 Rb2 26. Nd3 Rbc2 27. Ne1
a5 28. Nxc2 Na8 29. Nxa3 b6 30. Nb5 Nc7 31. Nxc7 Rxc7 32. Qd3 f5 33. Nf4 Rc6
34. Re1 Kh7 35. Kg1 Qc7 36. Nxe6 Qc8 37. Qxf5+ Kh8 38. Qe5 Qg8 39. Bxd5 Rc2 40.
Nxg7 Qxg7 41. Qe8+ Kh7 42. Be4+ 1-0

[Event "Gaylord (NMO/5/18)"]
[Site "?"]
[Date "1993.??.??"]
[Round "?"]
[White "Uhl, W."]
[Black "Sussex, P."]
[Result "0-1"]
[WhiteElo "1605"]
[BlackElo "1605"]
[PlyCount "98"]
[EventDate "1993.??.??"]

{5/(18)} 1. e4 e5 2. Nf3 Nc6 3. Bc4 Nf6 4. d3 Bc5 5. O-O O-O 6. c3 d5 7. exd5
Nxd5 8. Re1 Be6 9. Bg5 Qd6 10. Nbd2 Nf6 11. Bxf6 Bxc4 12. Bxe5 Nxe5 13. Nxe5
Bxd3 14. Qf3 Ba6 15. Rad1 Qd8 16. Ne4 Bd6 17. c4 Qe7 18. Nxd6 cxd6 19. Ng6 fxg6
20. Qd5+ Qf7 21. Re7 Qxd5 22. cxd5 Rae8 23. Rd7 Rd8 24. Rc7 Rf7 25. Rdc1 Rxc7
26. Rxc7 Re8 27. f3 Re5 28. Rc8+ Kf7 29. Rc7+ Kf6 30. g4 Rxd5 31. Rc2 Rc5 32.
Rd2 Ke7 33. b4 Rc7 34. a4 b6 35. Kf2 Rc4 36. b5 Bc8 37. Re2+ Kf6 38. Rd2 Ke7
39. Re2+ Kd8 40. Rd2 Kc7 41. Ra2 h5 42. g5 Bf5 43. a5 Rc2+ 44. Rxc2+ Bxc2 45.
axb6+ Kxb6 46. f4 Bf5 47. Ke3 a5 48. Kd2 d5 49. Kc3 a4 0-1

[Event "Gaylord (NMO/2/13)"]
[Site "?"]
[Date "1993.??.??"]
[Round "?"]
[White "Uhl, W."]
[Black "Rostrom, Richard"]
[Result "1-0"]
[WhiteElo "1605"]
[BlackElo "1685"]
[PlyCount "107"]
[EventDate "1993.??.??"]

{2/(13)} 1. e4 c5 2. Nf3 d6 3. Nc3 g6 4. Bc4 Bg7 5. Ng5 e6 6. d3 h6 7. Nf3 Nc6
8. a3 Nf6 9. h3 O-O 10. Be3 Bd7 11. Ba2 a6 12. O-O Kh7 13. Qd2 Ng8 14. Rad1 e5
15. Nd5 Nd4 16. Ne1 f5 17. f3 f4 18. Bf2 Qg5 19. h4 Qd8 20. c3 Ne6 21. b4 b6
22. bxc5 bxc5 23. Rb1 Rb8 24. Nc2 Nf6 25. Rxb8 Qxb8 26. Rb1 Qd8 27. Nb6 Nh5 28.
Nxd7 Qxd7 29. Bd5 Nd8 30. Rb6 Qe7 31. Rxa6 Ng3 32. Bxg3 fxg3 33. h5 gxh5 34.
Ne3 Ne6 35. Nf5 Rxf5 36. exf5 Qh4 37. fxe6 Qh2+ 38. Kf1 Qh1+ 39. Ke2 Qxg2+ 40.
Kd1 Qf1+ 41. Kc2 g2 42. Be4+ Kg8 43. Ra8+ Bf8 44. Rxf8+ Kxf8 45. Qxh6+ Ke7 46.
Qg5+ Kxe6 47. Bf5+ Kd5 48. Qg8+ Kc6 49. Qc8+ Kb6 50. Qd8+ Ka7 51. Qc7+ Ka6 52.
Bc8+ Kb5 53. Qb7+ Ka5 54. Qa6# 1-0

[Event "East Lansing (MI Op/3/37)"]
[Site "?"]
[Date "1993.??.??"]
[Round "?"]
[White "Turner, P."]
[Black "Smith, Ed"]
[Result "0-1"]
[WhiteElo "1775"]
[BlackElo "1870"]
[PlyCount "82"]
[EventDate "1993.??.??"]

{3/(37)} 1. e4 c5 2. Nf3 Nc6 3. d4 cxd4 4. Nxd4 a6 5. Nc3 e6 6. Nxc6 bxc6 7.
Bd3 e5 8. O-O Bc5 9. Qe2 Ne7 10. Be3 Bxe3 11. Qxe3 O-O 12. f4 exf4 13. Rxf4 Ng6
14. Rf2 Qe7 15. a3 Rb8 16. Na4 d6 17. Re1 Ne5 18. h3 a5 19. Nb6 Be6 20. c3 Nxd3
21. Qxd3 Rxb6 22. c4 Rfb8 23. Qc3 a4 24. Qa5 Bxc4 25. Qxa4 Bb3 26. Qd4 Qe5 27.
Qd3 Be6 28. b4 c5 29. bxc5 dxc5 30. Rd2 g6 31. a4 Rb3 32. Qa6 c4 33. a5 c3 34.
Rc2 Rb2 35. Qd3 Rxc2 36. Qxc2 Qxa5 37. Rc1 Rc8 38. Qd3 Qc5+ 39. Kh1 c2 40. Qd2
Qc3 41. Qxc3 Rxc3 0-1

[Event "East Lansing (MI Op/6/32)"]
[Site "?"]
[Date "1993.??.??"]
[Round "?"]
[White "Turner, P."]
[Black "McCarter, Robert"]
[Result "1/2-1/2"]
[WhiteElo "1775"]
[BlackElo "1700"]
[PlyCount "136"]
[EventDate "1993.??.??"]

{6/(32)} 1. e4 c5 2. Nf3 Nc6 3. d4 cxd4 4. Nxd4 e5 5. Nb5 a6 6. Nd6+ Bxd6 7.
Qxd6 Qf6 8. Qc7 Nge7 9. Nc3 Nb4 10. Bd3 d5 11. exd5 Nexd5 12. Nxd5 Nxd5 13. Qc5
Qc6 14. Qxc6+ bxc6 15. a3 O-O 16. O-O Bb7 17. Re1 f6 18. g3 Rfe8 19. c4 Nc7 20.
c5 Ne6 21. Be3 Rad8 22. Bc4 Bc8 23. Rad1 Kf8 24. Rd6 Rxd6 25. cxd6 Rd8 26. Bxe6
Bxe6 27. Rc1 Bd5 28. Bc5 Ke8 29. b4 Rb8 30. Re1 Kd7 31. Rc1 Bf3 32. Kf1 Bd5 33.
Ke2 Re8 34. Kd2 Rb8 35. Rc3 Re8 36. g4 h6 37. Rg3 g5 38. Rh3 Rh8 39. f3 Bf7 40.
Ke3 Bd5 41. Kd3 Ke6 42. a4 Kd7 43. Rg3 h5 44. h3 h4 45. Rg1 Bxf3 46. Ke3 Bd5
47. Kf2 Ke6 48. b5 cxb5 49. axb5 axb5 50. Ra1 Bc6 51. Ra7 Bd7 52. Ke3 Rc8 53.
Rc7 Rxc7 54. dxc7 Kd5 55. Be7 f5 56. gxf5 Bxf5 57. Bxg5 Bxh3 58. Bxh4 b4 59.
Be1 b3 60. Bc3 e4 61. Bb2 Bc8 62. Bc3 Bb7 63. Bb2 Kd6 64. c8=Q Bxc8 65. Kxe4
Kc5 66. Kd3 Kb4 67. Kd2 Bf5 68. Kc1 Kc4 1/2-1/2

[Event "East Lansing (MI Op/2/37)"]
[Site "?"]
[Date "1993.??.??"]
[Round "?"]
[White "Turner, P."]
[Black "Brady, Lindell"]
[Result "0-1"]
[WhiteElo "1775"]
[BlackElo "1925"]
[PlyCount "62"]
[EventDate "1993.??.??"]

{2/(37)} 1. e4 e5 2. Nf3 Nc6 3. Bb5 a6 4. Ba4 Nf6 5. O-O Be7 6. Re1 b5 7. Bb3
O-O 8. c3 d5 9. exd5 Nxd5 10. Nxe5 Nxe5 11. Rxe5 c6 12. Bxd5 cxd5 13. d4 Bd6
14. Re1 Qh4 15. g3 Qh3 16. Qf3 Bf5 17. Qg2 Rae8 18. Be3 Qg4 19. Nd2 Be6 20. Qf3
Qg6 21. Bf4 Bg4 22. Qg2 Bxf4 23. gxf4 Qf5 24. Qg3 Re6 25. Re5 Rxe5 26. fxe5 Re8
27. Kh1 Re6 28. Qh4 Bf3+ 29. Nxf3 Qxf3+ 30. Kg1 Rg6+ 31. Kf1 Qd3+ 0-1

[Event "Eastpointe (MI Action/6/25)"]
[Site "?"]
[Date "1993.??.??"]
[Round "?"]
[White "Turner, J."]
[Black "Whitaker, Deshontae"]
[Result "1-0"]
[WhiteElo "1605"]
[BlackElo "1605"]
[PlyCount "111"]
[EventDate "1993.??.??"]

{6/(25)} 1. e4 e5 2. Qh5 Nc6 3. Qd1 Nf6 4. Nc3 Bb4 5. Nf3 Bxc3 6. dxc3 Nxe4 7.
Bb5 Qf6 8. Bxc6 dxc6 9. O-O O-O 10. Re1 Bg4 11. Rxe4 Bxf3 12. Qxf3 Qxf3 13.
gxf3 Rae8 14. f4 exf4 15. Rxe8 Rxe8 16. Bxf4 Re4 17. Bxc7 Rg4+ 18. Bg3 h5 19.
h4 f5 20. Kh2 f4 21. Bxf4 Rxf4 22. Rd1 Rxf2+ 23. Kg3 Rxc2 24. Rd8+ Kf7 25. Rd7+
Ke6 26. Rxb7 a5 27. a4 Rd2 28. Kf4 Rf2+ 29. Kg5 Rf5+ 30. Kg6 Rf4 31. Kxh5 Rxa4
32. Rxg7 Kf6 33. Rb7 Rf4 34. Rb6 Rf5+ 35. Kg4 Ke5 36. Rxc6 Rf4+ 37. Kg3 Rf7 38.
Rc5+ Ke4 39. Rxa5 Rf3+ 40. Kg4 Rf4+ 41. Kg3 Rf3+ 42. Kg4 Rf4+ 43. Kg5 Kf3 44.
h5 Kg3 45. b4 Rg4+ 46. Kf5 Kh4 47. b5 Rg5+ 48. Ke4 Rxh5 49. c4 Kg3 50. Kd3 Kf4
51. Kc3 Ke4 52. Kb4 Kd4 53. b6 Rh7 54. Rd5+ Ke4 55. Kc5 Rb7 56. Rd8 1-0

[Event "Eastpointe (MI Action/1/20)"]
[Site "?"]
[Date "1993.??.??"]
[Round "?"]
[White "Turner, J."]
[Black "Shaune, M."]
[Result "0-1"]
[WhiteElo "1605"]
[BlackElo "1800"]
[PlyCount "49"]
[EventDate "1993.??.??"]

{1/(20)} 1. Nf3 Nf6 2. g3 g6 3. Bg2 Bg7 4. O-O O-O 5. Re1 d5 6. d4 Bg4 7. Nbd2
Nc6 8. e3 Qd7 9. h3 Bxh3 10. Ne5 Nxe5 11. dxe5 Nh5 12. Kh1 Bxg2+ 13. Kxg2 Bxe5
14. Nf3 Bg7 15. e4 c6 16. g4 Qxg4+ 17. Kf1 Bxb2 18. Rb1 Bxc1 19. Rxc1 Nf4 20.
Nh4 Qh3+ 21. Kg1 Qxh4 22. Qf3 Nh3+ 23. Kf1 Qxf2+ 24. Qxf2 Nxf2 25. Kxf2 0-1

[Event "Eastpointe (MI Action/5/23)"]
[Site "?"]
[Date "1993.??.??"]
[Round "?"]
[White "Turner, J."]
[Black "Scott, A."]
[Result "0-1"]
[WhiteElo "1605"]
[BlackElo "1605"]
[PlyCount "62"]
[EventDate "1993.??.??"]

{5/(23)} 1. e4 e6 2. Nf3 d5 3. e5 f6 4. d4 c5 5. dxc5 Bxc5 6. exf6 Nxf6 7. Bb5+
Nbd7 8. Bxd7+ Bxd7 9. O-O O-O 10. Re1 Qc7 11. Nbd2 Rae8 12. h3 e5 13. Ng5 h6
14. Ngf3 e4 15. Nh4 Nh7 16. Nf1 Bxf2+ 17. Kh1 Bxh4 18. Qxd5+ Be6 19. Qxe4 Bxe1
20. Qxe1 Bxh3 21. Qd1 Qc6 22. Qd2 Rxf1+ 23. Kh2 Bxg2 24. Qxg2 Qd6+ 25. Kh3 Ree1
26. Bxh6 Qxh6+ 27. Kg3 Rxa1 28. Qxb7 Qe3+ 29. Kg4 Nf6+ 30. Kh4 Rh1+ 31. Qxh1
Rxh1# 0-1

[Event "Eastpointe (MI Action/3/19)"]
[Site "?"]
[Date "1993.??.??"]
[Round "?"]
[White "Turner, J."]
[Black "Aldrich, Jeff"]
[Result "0-1"]
[WhiteElo "1605"]
[BlackElo "1950"]
[PlyCount "74"]
[EventDate "1993.??.??"]

{3/(19)} 1. e4 c6 2. Nf3 d5 3. Bd3 Bg4 4. O-O Nd7 5. h3 Bh5 6. Re1 e6 7. Be2
dxe4 8. Nh2 Bg6 9. Nc3 Ngf6 10. d3 exd3 11. Bxd3 Bxd3 12. Qxd3 Qc7 13. Bg5 Bd6
14. g3 h6 15. Bxf6 Nxf6 16. Re2 O-O 17. Nf3 Rad8 18. Qc4 Bxg3 19. Ne4 Nxe4 20.
Qxe4 Bd6 21. Nh4 Bc5 22. Rae1 Qg3+ 23. Qg2 Qxh4 24. Kh1 Rd5 25. Re5 Rfd8 26.
Rg1 Bf8 27. Rxd5 Rxd5 28. b3 Rg5 29. Qh2 Qe4+ 30. Rg2 Bd6 31. Qg1 Qf3 32. h4
Qh3+ 33. Rh2 Rxg1+ 34. Kxg1 Bxh2+ 35. Kh1 Bg3+ 36. Kg1 Qh2+ 37. Kf1 Qxf2# 0-1

[Event "Westland (MI Women/3/1)"]
[Site "?"]
[Date "1993.??.??"]
[Round "?"]
[White "Tucker, L."]
[Black "Skidmore, Jennifer"]
[Result "0-1"]
[WhiteElo "2070"]
[BlackElo "1940"]
[PlyCount "73"]
[EventDate "1993.??.??"]

{3/(1)} 1. d4 d5 2. c4 e6 3. Nc3 c6 4. a4 Bb4 5. Bd2 Nf6 6. e3 Nbd7 7. Nf3 Qe7
8. Be2 O-O 9. O-O Nb6 10. cxd5 exd5 11. Na2 Bd6 12. Qc2 Ne4 13. Nc3 Bf5 14. Bd3
Nd7 15. Rab1 Bg6 16. Ne2 a5 17. Ng3 f5 18. Bc1 h5 19. Ne2 h4 20. Nf4 Bxf4 21.
exf4 Bh5 22. Ne5 Nxe5 23. dxe5 g6 24. Bxe4 fxe4 25. Be3 Qe6 26. h3 g5 27. Qd2
g4 28. Kh2 Qf5 29. hxg4 Qxg4 30. Rg1 Kf7 31. Qc2 Rh8 32. Qc5 Bg6 33. b4 h3 34.
g3 axb4 35. Rxb4 Rhb8 36. Qd6 Qe6 37. Qc7+ 0-1

[Event "Westland (MI Women/1/1)"]
[Site "?"]
[Date "1993.??.??"]
[Round "?"]
[White "Tucker, L."]
[Black "Bensek, A."]
[Result "1-0"]
[WhiteElo "2070"]
[BlackElo "1605"]
[PlyCount "107"]
[EventDate "1993.??.??"]

{1/(1)} 1. d4 d5 2. c4 e6 3. Nc3 Nf6 4. Bg5 Be7 5. e3 O-O 6. Nf3 Nc6 7. Rc1 Ne4
8. Bf4 Bb4 9. Bd3 h6 10. O-O Re8 11. Nxe4 dxe4 12. Bxe4 Bd6 13. Ne5 Bxe5 14.
dxe5 Qxd1 15. Rfxd1 f6 16. exf6 e5 17. Bd5+ Be6 18. Bxc6 bxc6 19. Bxe5 gxf6 20.
Bxf6 Kf7 21. Bh4 Rg8 22. Bg3 Rg6 23. Rd4 h5 24. Rcd1 Rag8 25. b3 Rg4 26. f3 c5
27. Rd8 Rxd8 28. Rxd8 Rg6 29. Bxc7 Bh3 30. g3 Rf6 31. Kf2 Rc6 32. Bf4 Bf5 33.
e4 Ke7 34. Ra8 Bg6 35. Rxa7+ Kf8 36. Be3 Bf7 37. Ra5 Rc8 38. Rxc5 Rd8 39. b4
Ra8 40. Ra5 Rc8 41. c5 Rb8 42. b5 Bc4 43. b6 Rd8 44. b7 Kf7 45. Ra8 Rxa8 46.
bxa8=Q Bb5 47. Qb7+ Ke6 48. Qxb5 Kf6 49. c6 Ke7 50. c7 Ke6 51. c8=Q+ Kd6 52.
Qcc6+ Ke7 53. Qbb7+ Kd8 54. Qcc8# 1-0

[Event "East Lansing (MI Op/3/3)"]
[Site "?"]
[Date "1993.??.??"]
[Round "?"]
[White "Tsemekhman, Vadim"]
[Black "Ward, Tom"]
[Result "1-0"]
[WhiteElo "2430"]
[BlackElo "2185"]
[PlyCount "71"]
[EventDate "1993.??.??"]

{3/(3)} 1. d4 Nf6 2. c4 e6 3. Nc3 Bb4 4. e3 c5 5. Bd3 Nc6 6. Nf3 Bxc3+ 7. bxc3
d6 8. O-O b6 9. Ng5 Qd7 10. f4 Ba6 11. e4 h6 12. Nf3 O-O-O 13. d5 Na5 14. e5
Ne8 15. f5 exd5 16. e6 fxe6 17. fxe6 Qe7 18. cxd5 Bxd3 19. Qxd3 Rf8 20. c4 g5
21. h3 Nf6 22. Bd2 Nb7 23. a4 Nh5 24. a5 Nf4 25. Bxf4 Rxf4 26. axb6 a5 27. Nd2
Rdf8 28. Nb3 Qg7 29. Rfe1 g4 30. e7 Re8 31. Nxa5 Rxe7 32. Nc6 Rxe1+ 33. Rxe1
Qb2 34. Re8+ Kd7 35. Re7+ Kc8 36. Rc7# 1-0

[Event "Eastpointe (MI Action/6/2)"]
[Site "?"]
[Date "1993.??.??"]
[Round "?"]
[White "Tsemekhman, Vadim"]
[Black "Thompson, Dexter"]
[Result "1-0"]
[WhiteElo "2430"]
[BlackElo "2235"]
[PlyCount "49"]
[EventDate "1993.??.??"]

{6/(2)} 1. d4 Nf6 2. c4 e5 3. dxe5 Ng4 4. e4 Nxe5 5. f4 Ng6 6. Be3 Bb4+ 7. Nc3
d6 8. Bd3 O-O 9. Nf3 Qf6 10. O-O Bxc3 11. bxc3 Qxc3 12. Nd4 Nc6 13. Nb5 Qa5 14.
Qe1 Be6 15. Qxa5 Nxa5 16. Nxc7 Bxc4 17. Nxa8 Bxd3 18. Rfd1 Bxe4 19. Nc7 Rc8 20.
Nb5 Rc2 21. Rxd6 Rxg2+ 22. Kf1 Nc4 23. Rd8+ Nf8 24. Re1 f6 25. Bf2 1-0

[Event "Eastpointe (MI Action/2/2)"]
[Site "?"]
[Date "1993.??.??"]
[Round "?"]
[White "Tsemekhman, Vadim"]
[Black "Smith, Walt"]
[Result "1-0"]
[WhiteElo "2430"]
[BlackElo "1955"]
[PlyCount "86"]
[EventDate "1993.??.??"]

{2/(2)} 1. d4 e6 2. c4 c5 3. d5 exd5 4. cxd5 b5 5. e4 a6 6. a4 b4 7. b3 d6 8.
Bb2 f5 9. Qh5+ g6 10. Qe2 Nf6 11. exf5+ Kf7 12. fxg6+ hxg6 13. Nf3 Bh6 14. Qd1
Re8+ 15. Be2 Qe7 16. Kf1 Nh5 17. Ra2 Bf5 18. Bd3 Bxd3+ 19. Qxd3 Nf4 20. Qd1 Qe4
21. g3 Nxd5 22. Kg2 Qf5 23. Nbd2 Nd7 24. Nh4 Qd3 25. Nc4 Qe4+ 26. Qf3+ Qxf3+
27. Nxf3 Re6 28. Rd1 N7b6 29. Nxb6 Nxb6 30. a5 Nd7 31. Ba1 Rc8 32. Rc2 Ne5 33.
Bxe5 dxe5 34. Rd7+ Kf6 35. Rh7 Bf8 36. Nd2 e4 37. Rc4 e3 38. Rf4+ Ke5 39. Nc4+
Kd5 40. fxe3 Bd6 41. Nb6+ Kc6 42. Nxc8 Bxf4 43. exf4 Kb5 1-0

[Event "East Lansing (MI Op/1b/2)"]
[Site "?"]
[Date "1993.??.??"]
[Round "?"]
[White "Tsemekhman, Vadim"]
[Black "Skidmore, Jennifer"]
[Result "1-0"]
[WhiteElo "2430"]
[BlackElo "1950"]
[PlyCount "59"]
[EventDate "1993.??.??"]

1. e4 e5 2. Nf3 d6 3. Bc4 Be7 4. O-O Nf6 5. Re1 c6 6. d4 d5 7. exd5 e4 8. d6
Qxd6 9. Ne5 Be6 10. Nc3 Bd5 11. Nxd5 cxd5 12. Bb5+ Nc6 13. Bf4 Qe6 14. c4 O-O
15. cxd5 Qxd5 16. Bc4 Qa5 17. Nxc6 bxc6 18. Be5 Rad8 19. Qb3 Rd7 20. Qg3 Qb4
21. b3 Rfd8 22. Rxe4 Bd6 23. Ree1 Qd2 24. Qh3 Be7 25. Bxf6 gxf6 26. Bd3 Qg5 27.
Re3 Bd6 28. Qxh7+ Kf8 29. Rae1 Be7 30. Rg3 1-0

[Event "Troy (TCC/M/2/3)"]
[Site "?"]
[Date "1993.??.??"]
[Round "?"]
[White "Tsemekhman, Vadim"]
[Black "Salman, N."]
[Result "1-0"]
[WhiteElo "2435"]
[BlackElo "2310"]
[PlyCount "83"]
[EventDate "1993.??.??"]

{2/(3)} 1. d4 d5 2. c4 e6 3. Nc3 Nf6 4. cxd5 exd5 5. Bg5 Be7 6. e3 c6 7. Qc2
Nbd7 8. Bd3 O-O 9. O-O-O Re8 10. Nf3 Nf8 11. h4 Nh5 12. Rdg1 Nf6 13. g4 Nxg4
14. Ne5 Nxe5 15. dxe5 Kh8 16. f4 f6 17. Bh6 gxh6 18. Qg2 Ne6 19. Bxh7 Bc5 20.
Qg6 Bxe3+ 21. Kb1 Bxf4 22. exf6 Bd7 23. f7 Rf8 24. Bg8 Rxg8 25. fxg8=Q+ Qxg8
26. Qf6+ Ng7 27. Qxf4 Qh7+ 28. Ka1 Re8 29. Qd6 Nf5 30. Qf6+ Ng7 31. a3 Re6 32.
Qd4 b6 33. Rh2 Rg6 34. Rhg2 Rxg2 35. Rxg2 h5 36. Rg5 Qh6 37. Ne2 Kh7 38. Nf4
Bg4 39. Qe5 Kg8 40. Rg6 Qxg6 41. Nxg6 Kf7 42. Ne7 1-0

[Event "Lansing (MI Inv/3)"]
[Site "?"]
[Date "1993.??.??"]
[Round "?"]
[White "Tsemekhman, Vadim"]
[Black "Noren, Kevin"]
[Result "1/2-1/2"]
[WhiteElo "2415"]
[BlackElo "2275"]
[PlyCount "70"]
[EventDate "1993.??.??"]

1. d4 e6 2. c4 f5 3. g3 Nf6 4. Bg2 Bb4+ 5. Nd2 O-O 6. Ngf3 a5 7. O-O Qe8 8. a3
Bxd2 9. Nxd2 d6 10. Rb1 Nc6 11. d5 Nd8 12. b4 axb4 13. axb4 e5 14. c5 Qb5 15.
Rb3 Nf7 16. Nb1 Qe8 17. Bb2 Ng5 18. Qc1 Qh5 19. h4 Nge4 20. Nc3 Nxc3 21. Rxc3
Qxe2 22. Re1 Qh5 23. cxd6 cxd6 24. Rc7 f4 25. gxf4 Qxh4 26. Qc3 Nh5 27. Rxe5
dxe5 28. Qxe5 Nf6 29. d6 Bh3 30. Bxh3 Qxh3 31. Rxg7+ Kxg7 32. Qg5+ Kh8 33.
Bxf6+ Rxf6 34. Qxf6+ Kg8 35. Qg5+ Kh8 1/2-1/2

[Event "Flint (MEX/4)"]
[Site "?"]
[Date "1993.??.??"]
[Round "?"]
[White "Tsemekhman, Vadim"]
[Black "Hahn, David"]
[Result "1-0"]
[WhiteElo "2485"]
[BlackElo "2245"]
[PlyCount "83"]
[EventDate "1993.??.??"]

1. d4 d6 2. e4 Nf6 3. Nc3 g6 4. Be2 Bg7 5. Nf3 O-O 6. O-O c5 7. d5 Na6 8. Nd2
Nc7 9. a4 e6 10. Nc4 exd5 11. exd5 b6 12. Bf4 Ba6 13. Qd2 Bxc4 14. Bxc4 a6 15.
Be2 Qd7 16. h3 b5 17. Bf3 b4 18. Nd1 Rfe8 19. Qd3 Qe7 20. Ne3 Nd7 21. Nc4 Ne5
22. Bxe5 Bxe5 23. g3 Qf6 24. Rab1 Qg7 25. h4 f5 26. Kg2 Re7 27. c3 Rb8 28. Na5
bxc3 29. bxc3 Rxb1 30. Rxb1 Bxc3 31. Nc6 Re8 32. Rb7 Bf6 33. Qb3 Rf8 34. Qb6
Rf7 35. h5 Rd7 36. Rb8+ Kf7 37. h6 Qxh6 38. Rb7 f4 39. Rxc7 Rxc7 40. Qxc7+ Kg8
41. Bg4 f3+ 42. Bxf3 1-0

[Event "Lansing (MI Inv/2)"]
[Site "?"]
[Date "1993.??.??"]
[Round "?"]
[White "Tsemekhman, Vadim"]
[Black "Gabbara, Faris"]
[Result "1-0"]
[WhiteElo "2415"]
[BlackElo "2155"]
[PlyCount "61"]
[EventDate "1993.??.??"]

1. d4 d5 2. c4 c6 3. cxd5 cxd5 4. Nc3 Nf6 5. Nf3 g6 6. Bf4 Bg7 7. e3 a6 8. Be2
Nbd7 9. O-O b5 10. a4 b4 11. Na2 Qb6 12. Rc1 b3 13. Nc3 Bb7 14. Nd2 Ne4 15.
Ncxe4 dxe4 16. Qxb3 e5 17. Qxb6 Nxb6 18. dxe5 O-O 19. a5 Rfd8 20. axb6 Rxd2 21.
Rc7 Rxe2 22. Rxb7 g5 23. Bg3 Rxb2 24. Ra7 Rb8 25. e6 R2xb6 26. exf7+ Kf8 27.
Bxb8 Rxb8 28. Rc1 Bf6 29. g3 Bd8 30. Rxa6 Kxf7 31. Rc4 1-0

[Event "East Lansing (MI Op/5/1)"]
[Site "?"]
[Date "1993.??.??"]
[Round "?"]
[White "Tsemekhman, Vadim"]
[Black "Finegold, Ben"]
[Result "1/2-1/2"]
[WhiteElo "2430"]
[BlackElo "2615"]
[PlyCount "77"]
[EventDate "1993.??.??"]

{5/(1)} 1. d4 d5 2. c4 c6 3. Nf3 Nf6 4. Nc3 dxc4 5. a4 Bf5 6. e3 e6 7. Bxc4 Bb4
8. O-O Nbd7 9. Nh4 Bg4 10. f3 Bh5 11. g4 Nd5 12. Ng2 Bg6 13. Qb3 Qb6 14. Bd2 $5
{[Saith ECO, which is about all I dare say about this game.]} Be7 15. a5 Qxb3
16. Bxb3 h5 17. gxh5 Bxh5 18. a6 b6 19. e4 Nb4 20. Nf4 e5 21. Nxh5 Rxh5 22. d5
Rc8 23. f4 Nd3 24. dxc6 Rxc6 25. f5 g5 26. f6 Bc5+ 27. Kg2 Rxf6 28. Rxf6 Nxf6
29. Bd1 g4 30. Nb5 Nf4+ 31. Bxf4 exf4 32. Nxa7 f3+ 33. Bxf3 gxf3+ 34. Kxf3 Rxh2
35. Nb5 Rf2+ 36. Kg3 Nxe4+ 37. Kh3 f5 38. a7 Rf3+ {#} 39. Kg2 1/2-1/2

[Event "East Lansing (MI Op/7/1)"]
[Site "?"]
[Date "1993.??.??"]
[Round "?"]
[White "Tsemekhman, Vadim"]
[Black "Feldman, Steve"]
[Result "1/2-1/2"]
[WhiteElo "2430"]
[BlackElo "2315"]
[PlyCount "59"]
[EventDate "1993.??.??"]

{7/(1)} 1. d4 d5 2. c4 e6 3. Nc3 Nf6 4. cxd5 exd5 5. Bg5 Be7 6. e3 c6 7. Qc2
Nbd7 8. Bd3 O-O 9. Nge2 Re8 10. O-O Nf8 11. f3 g6 12. Kh1 Ne6 13. Bh4 b6 14.
Rad1 Bb7 15. Bf2 Rc8 16. e4 Nh5 17. Qa4 a6 18. b4 Nhf4 19. Nxf4 Nxf4 20. Bb1 a5
21. bxa5 Ra8 22. Qb3 Rxa5 23. exd5 Nxd5 24. Nxd5 cxd5 25. Rfe1 Bc6 26. Rc1 Ba4
27. Qc3 Bg5 28. Be3 Rxe3 29. Rxe3 Ra8 30. Ree1 1/2-1/2

[Event "Flint (MEX/1)"]
[Site "?"]
[Date "1993.??.??"]
[Round "?"]
[White "Tsemekhman, Vadim"]
[Black "Eagle, Chris"]
[Result "1-0"]
[WhiteElo "2485"]
[BlackElo "2085"]
[PlyCount "95"]
[EventDate "1993.??.??"]

1. d4 Nf6 2. c4 g6 3. Nc3 Bg7 4. e4 d6 5. Be2 O-O 6. Bg5 h6 7. Be3 e5 8. d5 a5
9. Qd2 Kh7 10. f3 Na6 11. Bd1 c6 12. Nge2 cxd5 13. cxd5 Bd7 14. Ba4 Bxa4 15.
Nxa4 b5 16. Nb6 Rb8 17. Qxa5 Nc5 18. b4 Nd3+ 19. Kd2 Nxb4 20. Qxb4 Rxb6 21. a4
Rb7 22. axb5 Qb8 23. Rab1 Rc8 24. Rhc1 Rxc1 25. Nxc1 h5 26. Nd3 Bh6 27. Bxh6
Kxh6 28. Ke2 Nd7 29. h4 f5 30. exf5 gxf5 31. Qd2+ f4 32. Nxf4 exf4 33. Qxf4+
Kh7 34. Qf5+ Kg7 35. Qg5+ Kf8 36. Qh6+ Kg8 37. Qg5+ Kf8 38. Rb4 Ne5 39. Qxh5
Nf7 40. Rf4 Re7+ 41. Kf2 Qa7+ 42. Kg3 Qa1 43. b6 Ke8 44. Qg6 Qe1+ 45. Kh2 Qe5
46. Qg8+ Kd7 47. Qg4+ Kd8 48. Kh3 1-0

[Event "Flint (MEX/3)"]
[Site "?"]
[Date "1993.??.??"]
[Round "?"]
[White "Tsemekhman, Vadim"]
[Black "Drkulec, Vladimir"]
[Result "0-1"]
[WhiteElo "2485"]
[BlackElo "2120"]
[PlyCount "48"]
[EventDate "1993.??.??"]

1. d4 Nf6 2. c4 c5 3. e3 g6 4. Nf3 Bg7 5. Nc3 O-O 6. Be2 cxd4 7. Nxd4 d5 8.
cxd5 Nxd5 9. O-O Nxc3 10. bxc3 Qa5 11. Qb3 e5 12. Nb5 Be6 13. Qa3 Qb6 14. e4 a6
15. Be3 Qc6 16. Rab1 Nd7 17. Na7 Qc7 18. Qa4 Rfe8 19. c4 Bf8 20. c5 Nxc5 21.
Rfc1 b6 22. Qc6 Qxa7 23. Rxb6 Rec8 24. Rxc5 Bxc5 0-1

[Event "Eastpointe (MI Action/4/2)"]
[Site "?"]
[Date "1993.??.??"]
[Round "?"]
[White "Tsemekhman, Vadim"]
[Black "Baze, Lineas"]
[Result "1-0"]
[WhiteElo "2430"]
[BlackElo "2075"]
[PlyCount "71"]
[EventDate "1993.??.??"]

{4/(2)} 1. d4 Nf6 2. c4 g6 3. Nc3 Bg7 4. e4 d6 5. Be2 O-O 6. Nf3 e5 7. O-O Nc6
8. d5 Ne7 9. b4 Ne8 10. c5 f5 11. Nd2 Bh6 12. Nc4 Bxc1 13. Rxc1 f4 14. Bg4 h5
15. Bxc8 Rxc8 16. f3 g5 17. Qb3 Rf7 18. b5 Ng6 19. b6 axb6 20. cxb6 cxb6 21.
Qxb6 Qxb6+ 22. Nxb6 Rc5 23. Nca4 Rxc1 24. Rxc1 Rc7 25. Rxc7 Nxc7 26. Nc8 Ne8
27. Nab6 Kf8 28. Nc4 Ne7 29. N8xd6 Nxd6 30. Nxd6 b6 31. a4 g4 32. Nc4 gxf3 33.
gxf3 Nc8 34. Kg2 Ke7 35. Kh3 Kf6 36. Kh4 1-0